| 000 | 00723nam a2200241 a 4500 | ||
|---|---|---|---|
| 001 | BRCA_7626 | ||
| 005 | 20190320205922.0 | ||
| 008 | 090713s1930----au-a###f##---#000-0#ger-# | ||
| 041 | _ager | ||
| 044 | _aau | ||
| 050 | 4 |
_aN1680 _b.G46 1931 |
|
| 245 | 1 | 0 |
_aDie Gemaldegalerie des kunsthistorischen Museums in Wien _cherausgegeben von Gustav Gluck. |
| 250 | _a3 | ||
| 260 |
_aViena, Austria _bA. Schroll _c1930 |
||
| 300 |
_axxxi, 225 p. _bil., 206 láminas _c27 cm. |
||
| 500 | _aT38 | ||
| 610 | 2 | 4 |
_aKunsthistorischen Museum (Viena) _xColecciones de arte _918811 |
| 650 | 1 | 4 |
_aGalerías y museos _zAustria _97952 |
| 650 | 1 | 4 |
_aPintura _zViena _918812 |
| 700 | 1 |
_aGluck, Gustav _913624 |
|
| 902 | _aGFM | ||
| 942 |
_2lcc _cB |
||
| 999 |
_c7300 _d7300 |
||